000 01626nam0a2200325 4500
001 RU\NLR\bibl\1403309
005 20260607063201.0
010 _a978-5-06-006153-6
_bВ пер.
_93000
021 _aRU
_b2009-47638
_92919
035 _a(NLR Aleph) 001395309
090 _a1188127
_c1188127
100 _a20090821d2009 |||y0rusy50 ca
101 0 _arus
102 _aRU
105 _aa zzzz|||||
200 1 _aКурс начертательной геометрии
_eучебное пособие для студентов высших технических учебных заведений
_fВ.О. Гордон, М.А. Семенцов-Огиевский
_gпод ред. проф. В.О. Гордона
205 _aИзд. 29-е, стер.
210 _aМосква
_cВысшая школа
_d2009
215 _a270,[2] с.
_cил.
_d25
300 _aНа обороте тит.л. 1-й авт.: Гордон В.О. - засл. деят. науки и техники РСФСР, проф.
320 _aБиблиогр. в конце кн. (14 назв.)
606 1 _aНачертательная геометрия
_jУчебные издания для высших учебных заведений
_9925394
_3RU\NLR\auth\6621184
686 _aВ181.19я73-1
700 1 _aГордон
_bВ. О.
_gВладимир Осипович
_4070
701 1 _4070
_7ca
_8rus
_aСеменцов-Огиевский
_bМ. А.
_f1890-1950
_gМихаил Алексеевич
_9120005
_3RU\NLR\auth\7710225
801 0 _aRU
_bNLR
_c20090821
_gRCR
801 1 _aRU
_bNLR
_c20090821
942 _cBOOK
980 _aNB